Fr. Conceicao Rodrigues College of Engineering

Commentries on Indian Boiler Regulations 1950 (Record no. 27672)

MARC details
000 -LEADER
fixed length control field 00342nam a2200133Ia 4500
100 ## - MAIN ENTRY--PERSONAL NAME
Personal name Malik/ S.
245 ## - TITLE STATEMENT
Title Commentries on Indian Boiler Regulations 1950
260 ## - PUBLICATION, DISTRIBUTION, ETC.
Name of publisher, distributor, etc. Law Publishers (I) Pvt
Place of publication, distribution, etc. Allahabad
Date of publication, distribution, etc. 1993
546 ## - LANGUAGE NOTE
Language note ENGLISH
650 ## - SUBJECT ADDED ENTRY--TOPICAL TERM
Topical term or geographic name entry element General
654 ## - SUBJECT ADDED ENTRY--FACETED TOPICAL TERMS
Focus term Indian boiler regulations 1950
942 ## - ADDED ENTRY ELEMENTS (KOHA)
Koha item type BOOK
Holdings
Withdrawn status Lost status Damaged status Not for loan Collection Home library Current library Date acquired Source of acquisition Cost, normal purchase price Total Checkouts Full call number Barcode Date last seen Cost, replacement price Price effective from Koha item type
        CRC Fr. Agnel's C.Rodrigues College of Engineering Fr. Agnel's C.Rodrigues College of Engineering 17/03/2023 UBC 360.00   6590 17/03/2023 360.00 17/03/2023 BOOK